000 00216nam a2200085Ia 4500
008 170620s9999 xx 000 0 und d
100 _aSingh- G.P.
245 0 _aEquity - Trust and Fiduciary Relations
260 _bCentral Law Pub.
260 _c2005
999 _c29146
_d29146